Algo de lo que he visto. Memorias de don Crescente Errázuriz

Αποθηκεύτηκε σε:
Λεπτομέρειες βιβλιογραφικής εγγραφής
Κύριος συγγραφέας: Errázuriz, Crescente (Συγγραφέας)
Μορφή: Βιβλίο
Γλώσσα:Ισπανικά
Έκδοση: Santiago Nascimento 1934
Έκδοση:1a. ed
Θέματα:
Ετικέτες: Προσθήκη ετικέτας
Δεν υπάρχουν, Καταχωρήστε ετικέτα πρώτοι!

MARC

LEADER 00000nam a2200000 a 4500
001 UCO1990
003 CL-VaPUC
005 20240821123529.0
008 000602e19341124CL |||||||||||||||||spa|d
999 |c 288536  |d 288534 
040 |c Pontificia Universidad Católica de Valparaíso 
082 0 4 |a 248.5  |b ERR  |2 21 
100 0 |a Errázuriz, Crescente  |e author  |9 372040 
245 1 0 |a Algo de lo que he visto. Memorias de don Crescente Errázuriz 
250 |a 1a. ed 
260 |a Santiago  |b Nascimento  |c 1934 
300 |a 476 p 
500 |a Memorias dadas a la luz por Julio Vicuña Cifuentes, depositario de ellas 
500 |a Retrato de don Crescente Errázuriz y fotografía de su estatua 
583 |a last modification  |c 20000602 00:00:00  |k Rodrigo Vera 
600 0 |a Larraín Gandarillas, Joaquín  |d 1822-1897  |9 859904 
600 0 |a Fernández Concha, Rafael  |e autor   |9 438234 
600 0 7 |a CASANOVA, MARIANO  |2 CL-VaPUC  |9 393477 
600 0 7 |a VICUÑA CIFUENTES, JULIO  |2 CL-VaPUC  |9 390304 
600 0 7 |a ESTANDARTE CATOLICO  |2 CL-VaPUC  |9 444590 
650 7 |a MEMORIAS  |2 CL-VaPUC  |9 269159 
650 0 |a Autobiografías   |9 265171 
650 0 |a Historia de Chile  |9 265473 
650 0 |a Historia local  |9 266584 
650 0 |a Costumbres y tradiciones   |9 268292 
650 0 |a Periodismo   |9 310113 
650 0 |a Iconografía   |9 267998 
651 7 |a CHILE  |2 CL-VaPUC  |9 444591 
852 |a BIBCUR 
942 |c BK  |2 ddc 
945 |d 20000602 00:00:00  |a crobeson 
952 |0 0  |1 0  |4 0  |6 248_500000000000000_ERR_1934  |7 0  |8 X  |9 336267  |a BIBHIS  |b BIBHIS  |d 2019-11-20  |i 1277081  |o 248.5 ERR 1934  |p 1277081  |r 2024-01-30  |w 2019-11-20  |y BK_X  |k HIS 
952 |0 0  |1 0  |4 0  |6 248_500000000000000_ERR_1934  |7 0  |8 P  |9 336268  |a BIBTEO  |b BIBTES  |c TEO_FTES  |d 2019-11-20  |i 2102501  |o 248.5 ERR 1934  |p 2102501  |r 2024-01-18  |w 2019-11-20  |y BK  |k ICR 
952 |0 0  |1 0  |4 0  |6 248_500000000000000_ERR_1934  |7 0  |8 X  |9 336269  |a FDOBUD  |b FDOBUD  |d 2019-11-20  |i 1025260  |o 248.5 ERR 1934  |p 1025260  |r 2019-11-20  |w 2019-11-20  |y BK_X  |k BUD